Trafülkantun: Cantos cruzados entre Garrido y Curilem.

Saved in:
書目詳細資料
主要作者: Jordán González, Laura (autora)
其他作者: Salazar Vega, Andrea (autora)
格式: 圖書
出版: Santiago, Chile: Ariadna Ediciones, 2022.
版:Primera edición
主題:
在線閱讀:Disponible Online - Ariadna Ediciones
標簽: 添加標簽
沒有標簽, 成為第一個標記此記錄!

MARC

LEADER 00000nam a22000007a 4500
003 CL-VaPUC
005 20230112103729.0
008 221213t2022 ||||| |||| 00| 0 eng d
999 |c 439623  |d 439621 
020 |a 978-956-6095-68-2 
040 |c Pontificia Universidad Católica de Valparaíso 
082 |2 22  |a 781.62 JOR 2022 
100 1 |a Jordán González, Laura  |e autora  |9 879236 
245 |a Trafülkantun: Cantos cruzados entre Garrido y Curilem. 
250 |a Primera edición 
260 |a Santiago, Chile:  |b Ariadna Ediciones,  |c 2022. 
300 |a 195 páginas. 
500 |a c.1. Donación Profesora Laura Jordán. Memo MUS 02/12/2022 
583 |c 20221213  |k Catalogador Asistente 
600 0 |9 344557  |a Garrido, Pablo  |x Musicólogo   |y Música mapuche   |z Chile  
600 0 |9 879416  |a Curilem Millaguir, Juan de Dios  |x Musicólogo mapuche   |z Chile  
650 0 |9 703072  |a Música araucana  |x Archivos personales  
650 0 |9 425733  |a Música mapuche  |x Archivos personales  
650 0 |9 392456  |a Mapuches   |x Investigación musical  
700 |a Salazar Vega, Andrea  |e autora  |9 879237 
856 |u https://ariadnaediciones.cl/images/pdf/Trafulkantun.pdf  |y Disponible Online - Ariadna Ediciones 
942 |2 ddc  |c BK 
952 |0 0  |1 0  |2 ddc  |4 0  |6 781_620000000000000_JOR_2022  |7 0  |8 A  |9 588225  |a BIBEDU  |b BIBEDU  |c GEN  |d 2022-12-13  |e Donación  |i 5656030  |o 781.62 JOR 2022  |p 5656030  |r 2022-12-13  |t 1  |w 2022-12-13  |y BK  |k MUS